Nghiên cứu chiết Bixin từ hạt điều nhuộm bằng dung môi dầu thực phẩm khảo sát các yếu tố ảnh hưởng đến quá trình chiết Bixin đạt hiệu suất cao

Giới thiệu cây Điều nhuộm, đặc điểm sinh thái, đặc tính thực vật, thành phần hóa học, cấu trúc Bixin. Ứng dụng của phẩm màu hạt điều trong thực tế. Lý thuyết về màu sắc, phân loại thuốc nhuộm...

שמור ב:
מידע ביבליוגרפי
מחבר ראשי: Đỗ. Thị Thúy Vân (Tác giả)
מחברים אחרים: Đào Hùng Cường PGS.TS. (Người hướng dẫn)
פורמט: ספר
שפה:Vietnamese
יצא לאור: Đà Nẵng ĐH Sư Phạm 2007
סדרה:Khóa luận tốt nghiệp. Chuyên ngành: Củ nhân Hóa
נושאים:
תגים: הוספת תג
אין תגיות, היה/י הראשונ/ה לתייג את הרשומה!
Thư viện lưu trữ: Mạng thư viện Đại học Đà Nẵng
LEADER 01673nam a2200361 4500
001 000012067
003 8351
005 20120216140216.0
008 120215s2007 viesd
041 |a vie 
072 |a Khóa luận tốt nghiệp 
082 |a 634.57  |b DO-V 
100 |a Đỗ. Thị Thúy Vân  |e Tác giả 
245 |a Nghiên cứu chiết Bixin từ hạt điều nhuộm bằng dung môi dầu thực phẩm khảo sát các yếu tố ảnh hưởng đến quá trình chiết Bixin đạt hiệu suất cao  |c Lê. Trần Phương Thảo 
260 |a Đà Nẵng  |b ĐH Sư Phạm  |c 2007 
300 |a 56 tr  |c 29 cm 
490 |a Khóa luận tốt nghiệp. Chuyên ngành: Củ nhân Hóa 
500 |a Khoa Hóa 
520 |a Giới thiệu cây Điều nhuộm, đặc điểm sinh thái, đặc tính thực vật, thành phần hóa học, cấu trúc Bixin. Ứng dụng của phẩm màu hạt điều trong thực tế. Lý thuyết về màu sắc, phân loại thuốc nhuộm... 
653 |a Chiết Bixin 
653 |a Hạt Điều nhuộm 
653 |a Dung môi dầu thực phẩm 
700 |a Đào Hùng Cường  |c PGS.TS.  |e Người hướng dẫn 
OWN |a LSP 
AVA |a UDN50  |b LSP  |d 634.57 DO-V  |e available  |t Error 5001 Not defined in file expand_doc_bib_avail.  |f 1  |g 0  |h N  |i 0  |k 1 
999 |a From the UDN01 
AVA |a UDN50  |b LSP  |d 634.57 DO-V  |e available  |t Error 5001 Not defined in file expand_doc_bib_avail.  |f 1  |g 0  |h N  |i 0  |k 1 
TYP |a Monograph 
TYP |a Printed language 
980 |a Mạng thư viện Đại học Đà Nẵng